00918nam a22002657a 45000010005000000030006000050050017000110080041000280200018000690400029000870500016001160820008001321000028001402450111001682500041002792600034003203000040003545050007003945200122004015210019005235210018005426500027005606500031005877000034006186091FISKH20250310141325.0250310b cb ||||| |||| 00| 0 eng d a9780439224567 aFISKHbengcFISKHdFISKH aPZ7.M5543 W a546 aMiles, Ellend(1957–) aThe wind in the willows /cRetold from Kenneth Grahame ; By Ellen Miles ; Illustrations by Steven Smallman aThis edition first published in 2002 aNew York :bScholastic,c2002 a147 pages :billustrations ;c20 cm aP  aThe escapades of four animal friends who live along a river in the English countryside--Toad, Mole, Rat, and Badger. 8 a630 bLexile 8 aP bRaz-Plus  2ClassicsaChapter book 2Wind in the WillowsaBin 8 aSmallman, Stevendillustrator